000 004480000a22001810004500
003 MACL
005 20150801123747.0
008 150801b xxu||||| |||| 00| 0 eng d
040 _aMACL
_cMACL
041 _aEnglish
082 _a363/SRI
100 _aSrivastava, Ashok, Kumar
_94004
245 _aAir Pollution
260 _bAshish Publishing House
_c1991
_aNew Delhi
350 _a300
650 _aSocial Problems
_94005
942 _cBK
_k363
_2ddc
999 _c4423
_d4423